00510nam a22001697a 450000500170000001000150001702000260003203500140005803700130007208200110008510000200009624500640011626000480018027000460022830000250027450000410029920170825164117.0 aENG-120086 a9789352341313c400.00 aEN-103618 bDBAD/PUB a883.08 aDarkhasha Azhar aArundhati Roy :cby Darkhasha Azharbinvincible visionary / aNew DelhibAyushman Publication Housec2017 aF-14,Kauz Khas EnclavebNew Delhie110016 awjjj,125p.c22cm(Hb) aIncludes bibliographical references